| 000 | 01228nam a2200229Ia 4500 | ||
|---|---|---|---|
| 001 | L200-54948 | ||
| 003 | IT-CnALBA | ||
| 008 | 170116s9999||||xx |||||||||||||| ||und|| | ||
| 040 |
_aIT-CnALBA _cIT-CnALBA |
||
| 041 | _aITALIANO | ||
| 100 | _aCAPRILE GIOVANNI, SJ. | ||
| 245 | 0 | _aIL SINODO DEI VESCOVI. 1967. | |
| 250 | _a1a ed. | ||
| 260 |
_a ROMA _bLA CIVILTÀ CATTOLICA EDIZIONI _c1968 [1° Ed.:1968 - Ed.Ling.Originale: 1968] |
||
| 300 | _a672 p. (prefazione: 10) | ||
| 500 | _aPROPOSTE PER UN ORGANISMO EPISCOPALE. PROMULGAZIONE DEL REGOLAMENTO. PREPARAZIONE IMMEDIATA. APERTURA IN S. PIETRO. REVISIONE DIRITTO CANONICO. RINNOVAMENTO SEMINARI. MATRIMONI MISTI. RIFORMA LITURGICA. UDIENZE VISITE MESSAGGI MANIFESTAZIONI. GIORNATE CON | ||
| 501 | _aSocietà San Paolo EM - Piazza San Paolo, 14 - 12051 ALBA (CN) (non commercial uses only) ® Copyright 2017 | ||
| 520 | _aPROPOSTE PER UN ORGANISMO EPISCOPALE. PROMULGAZIONE DEL REGOLAMENTO. PREPARAZIONE IMMEDIATA. APERTURA IN S. PIETRO. REVISIONE DIRITTO CANONICO. RINNOVAMENTO SEMINARI. MATRIMONI MISTI. RIFORMA LITURGICA. UDIENZE VISITE MESSAGGI MANIFESTAZIONI. GIORNATE CON | ||
| 650 | _aRELIGIONE - RELIGIONE CRISTIANA | ||
| 942 | _cBK | ||
| 957 | _71 | ||
| 999 |
_a72438 _bNO _g Copie: 1 _c313800 _d313800 |
||